[Event "14ème OPEN de GUINGAMP"]
[Site "Pabu"]
[Date "2010.02.20"]
[Round "1.1"]
[White "Jakubowski, Krzysztof"]
[Black "Le Moy, Patrick"]
[Result "1-0"]
[WhiteElo "2502"]
[BlackElo "1744"]
[Annotator "Bernard CLOAREC"]
[PlyCount "51"]
[SourceDate "2010.02.21"]

1. e4 c5 2. Nf3 d6 3. d4 cxd4 4. Nxd4 Nf6 5. Nc3 a6 6. Be3 Bd7 7. Be2 e6 8. g4
h6 9. f4 Be7 10. Qd2 Nc6 11. O-O-O b5 12. a3 Na5 13. h4 Rc8 14. g5 e5 15. gxf6
Bxf6 16. fxe5 Bxe5 17. Kb1 Nc4 18. Bxc4 Rxc4 19. Nd5 O-O 20. Nf3 Bg4 21. Nxe5
dxe5 22. Bxh6 Bxd1 23. Rxd1 Qxh4 24. Rg1 Rd4 25. Qg2 g6 26. Bg5 1-0

[Event "14ème OPEN de GUINGAMP"]
[Site "Pabu"]
[Date "2010.02.20"]
[Round "1.2"]
[White "Bacon, Bruno"]
[Black "Genov, Petar"]
[Result "0-1"]
[WhiteElo "1736"]
[BlackElo "2473"]
[Annotator "Bernard CLOAREC"]
[PlyCount "44"]
[SourceDate "2010.02.21"]

1. c4 Nf6 2. g3 c6 3. Bg2 d5 4. cxd5 cxd5 5. d3 Nc6 6. Nf3 e5 7. O-O Be7 8. a3
a5 9. h3 O-O 10. Kh2 Be6 11. Ng5 Ng4+ 12. hxg4 Bxg5 13. Bxg5 Qxg5 14. f3 Nd4
15. Nc3 f5 16. gxf5 Nxf5 17. Qe1 Rf6 18. e4 Nxg3 19. Qxg3 Rh6+ 20. Bh3 Rxh3+
21. Qxh3 Bxh3 22. Kxh3 Ra6 0-1

[Event "14ème OPEN de GUINGAMP"]
[Site "Pabu"]
[Date "2010.02.20"]
[Round "1.3"]
[White "Mogranzini, Roberto"]
[Black "Dujardin, Bernard"]
[Result "1-0"]
[WhiteElo "2415"]
[BlackElo "1731"]
[Annotator "Bernard CLOAREC"]
[PlyCount "74"]
[EventDate "2010.??.??"]
[SourceDate "2010.02.21"]

1. e4 c5 2. Nc3 g6 3. Nf3 Bg7 4. d4 cxd4 5. Nxd4 Nc6 6. Nb3 a6 7. Be2 Nf6 8.
Be3 O-O 9. Nd5 Nxd5 10. exd5 Na5 11. Bd4 Nxb3 12. axb3 Bxd4 13. Qxd4 Qc7 14. c3
d6 15. h4 Qc5 16. Qd2 Bf5 17. Ra4 e5 18. h5 e4 19. g4 b5 20. Rd4 e3 21. fxe3
Bb1 22. Kf2 Ba2 23. b4 Qa7 24. Bd3 g5 25. Bc2 Rac8 26. Ra1 Bc4 27. b3 Bxb3 28.
Bxb3 f5 29. Kg2 Qf7 30. Rf1 Rc5 31. Bc2 Qe7 32. Bxf5 Kg7 33. h6+ Kh8 34. c4 Qf6
35. Rd3 Qd8 36. Rc3 Qc8 37. Qf2 Rxd5 1-0

[Event "14ème OPEN de GUINGAMP"]
[Site "Pabu"]
[Date "2010.02.20"]
[Round "1.5"]
[White "Stephan, Victor"]
[Black "Caillot, Arnaud"]
[Result "1-0"]
[WhiteElo "2242"]
[BlackElo "1715"]
[Annotator "Bernard CLOAREC"]
[PlyCount "45"]
[EventDate "2010.??.??"]
[SourceDate "2010.02.21"]

1. Nf3 d5 2. d4 Nf6 3. e3 Bg4 4. c4 e6 5. Qb3 Qc8 6. Ne5 Bf5 7. Nc3 c6 8. Bd2
Nbd7 9. Rc1 dxc4 10. Bxc4 Bd6 11. f4 O-O 12. O-O a6 13. h3 h5 14. Be2 Rb8 15.
Qd1 g6 16. g4 hxg4 17. hxg4 Kg7 18. gxf5 exf5 19. Qb3 b5 20. Bf3 c5 21. Nd5 c4
22. Qc2 Qd8 23. Nc6 1-0

[Event "14ème OPEN de GUINGAMP"]
[Site "Pabu"]
[Date "2010.02.20"]
[Round "1.4"]
[White "Lepagnol, Eric"]
[Black "Serafimov, Dimitar"]
[Result "1/2-1/2"]
[WhiteElo "1730"]
[BlackElo "2267"]
[Annotator "Bernard CLOAREC"]
[PlyCount "115"]
[EventDate "2010.??.??"]
[SourceDate "2010.02.21"]

1. d4 d5 2. Bf4 Nf6 3. Nf3 Bf5 4. e3 e6 5. Bd3 Bxd3 6. Qxd3 c5 7. c3 Nc6 8.
Nbd2 Qb6 9. Rb1 Be7 10. O-O O-O 11. Bg3 Rfd8 12. Qc2 Rac8 13. dxc5 Qxc5 14. Qb3
b5 15. Ne5 Na5 16. Qd1 Qb6 17. Nb3 Ne4 18. Nxa5 Qxa5 19. a3 f6 20. Nf3 Qa4 21.
Rc1 Qxd1 22. Rfxd1 e5 23. Nd2 Nc5 24. f3 e4 25. f4 a5 26. Nf1 Nd3 27. Rb1 b4
28. cxb4 axb4 29. axb4 Bxb4 30. Nd2 Rc2 31. Nf3 Nxb2 32. Nd4 Rdc8 33. Nxc2 Rxc2
34. Rxd5 Kf7 35. Rb5 Bc3 36. Be1 Nd3 37. Bxc3 Rxc3 38. R5b3 Rc2 39. Rd1 Kg6 40.
Rbxd3 exd3 41. Rxd3 h5 42. h3 Kf5 43. Rd5+ Ke4 44. Rxh5 Kxe3 45. f5 Kf4 46. Rh7
Rc7 47. g4 Kg3 48. Kf1 Re7 49. Rh8 Ra7 50. Rh7 Re7 51. Rh8 Kf3 52. Rh7 Ra7 53.
Ke1 Kf4 54. Ke2 Rd7 55. Kf2 Re7 56. Kg2 Ra7 57. Kf2 Ra2+ 58. Ke1 1/2-1/2

[Event "14ème OPEN de GUINGAMP"]
[Site "Pabu"]
[Date "2010.02.21"]
[Round "2.2"]
[White "Genov, Petar"]
[Black "Foussard, Gervais"]
[Result "1-0"]
[WhiteElo "2473"]
[BlackElo "1919"]
[Annotator "Bernard CLOAREC"]
[PlyCount "52"]
[EventDate "2010.??.??"]
[SourceDate "2010.02.21"]

1. e4 c5 2. Nf3 e6 3. c4 Nc6 4. Nc3 d6 5. d4 cxd4 6. Nxd4 Nf6 7. Be3 Be7 8. Be2
e5 9. Nf5 Bxf5 10. exf5 g6 11. fxg6 hxg6 12. Qb3 Nd4 13. Qa4+ Kf8 14. Qd1 Nxe2
15. Qxe2 Rc8 16. O-O Qd7 17. h3 Kg7 18. Rad1 Rh4 19. c5 Rch8 20. f3 Qe6 21. Bg5
dxc5 22. Bxh4 Rxh4 23. Rfe1 Bd6 24. Qf2 Rd4 25. Nb5 Rxd1 26. Rxd1 Bc7 1-0

[Event "14ème OPEN de GUINGAMP"]
[Site "Pabu"]
[Date "2010.02.21"]
[Round "2.3"]
[White "Deslias, Gregoire"]
[Black "Mogranzini, Roberto"]
[Result "1/2-1/2"]
[WhiteElo "1906"]
[BlackElo "2415"]
[Annotator "Bernard CLOAREC"]
[PlyCount "183"]
[EventDate "2010.??.??"]
[SourceDate "2010.02.21"]

1. d4 Nf6 2. c4 g6 3. Nc3 Bg7 4. e4 d6 5. Be2 O-O 6. Bg5 Na6 7. Qd2 e5 8. d5 c6
9. f3 cxd5 10. cxd5 Bd7 11. g4 h6 12. Be3 h5 13. g5 Ne8 14. h4 Nec7 15. Nh3 b5
16. Nf2 b4 17. Ncd1 Nb5 18. Nd3 Qa5 19. O-O Nd4 20. N1f2 Nxe2+ 21. Qxe2 f5 22.
Bd2 Qb6 23. Qe3 Qb7 24. a3 b3 25. Rac1 Rf7 26. Nb4 Nc5 27. Nfd3 Nxd3 28. Nxd3
a5 29. Rc3 fxe4 30. fxe4 Rxf1+ 31. Kxf1 Rf8+ 32. Kg2 Rf7 33. Nf2 a4 34. Qe2 Bb5
35. Qd1 Qa6 36. Qe1 Bf8 37. Rf3 Rc7 38. Rc3 Rd7 39. Qc1 Qa7 40. Qe1 Be7 41. Qc1
Bd8 42. Rf3 Be2 43. Re3 Bb5 44. Rf3 Kg7 45. Bb4 Qa6 46. Qe1 Rc7 47. Rc3 Rf7 48.
Rf3 Bf1+ 49. Kg3 Rd7 50. Rc3 Bb5 51. Rf3 Qb6 52. Qd2 Ba6 53. Rc3 Qb5 54. Qd3
Qb7 55. Qd2 Bb5 56. Rf3 Qb6 57. Rc3 Qb8 58. Rf3 Qb7 59. Qe1 Be7 60. Qd2 Qb8 61.
Qe1 Rd8 62. Qd2 Re8 63. Qe1 Rc8 64. Rc3 Rf8 65. Qd2 Bd8 66. Rf3 Rxf3+ 67. Kxf3
Bb6 68. Kg3 Qf8 69. Kg2 Kg8 70. Kg3 Bd4 71. Kg2 Kf7 72. Bc3 Ba7 73. Qd1 Ke7 74.
Qf3 Bf1+ 75. Kg3 Qf4+ 76. Qxf4 exf4+ 77. Kf3 Be3 78. Nd1 Bc1 79. Nf2 Kd7 80.
Nd1 Bd3 81. Nf2 Bc2 82. e5 dxe5 83. Bxe5 Bf5 84. Ke2 Be3 85. Nd1 Bg4+ 86. Ke1
Bc1 87. Nf2 Bf5 88. Ke2 Bc2 89. Nh3 Be4 90. Nxf4 Bxf4 91. Bxf4 Bxd5 92. Kd3
1/2-1/2

[Event "14ème OPEN de GUINGAMP"]
[Site "Pabu"]
[Date "2010.02.21"]
[Round "2.4"]
[White "Mercier, Jean-Loup"]
[Black "Stephan, Victor"]
[Result "0-1"]
[WhiteElo "1870"]
[BlackElo "2242"]
[Annotator "Bernard CLOAREC"]
[PlyCount "76"]
[EventDate "2010.??.??"]
[SourceDate "2010.02.21"]

1. b3 e5 2. Bb2 d6 3. e3 Nd7 4. Nf3 Ngf6 5. Be2 Be7 6. c4 c6 7. Qc2 O-O 8. O-O
b6 9. Nc3 Re8 10. d4 Bf8 11. dxe5 dxe5 12. Rad1 Qc7 13. Bd3 Nc5 14. Ne4 Ncxe4
15. Bxe4 Bg4 16. Bf5 e4 17. Bxg4 Nxg4 18. h3 exf3 19. hxg4 fxg2 20. Kxg2 Re6
21. Rh1 Rg6 22. Qf5 Rd8 23. Kf3 h6 24. Ke2 Rg5 25. Qe4 Rxd1 26. Rxd1 Qc8 27.
Kf3 h5 28. gxh5 Qh3+ 29. Ke2 Qxh5+ 30. Qf3 Qg6 31. Rd2 Qb1 32. Qxc6 Rg1 33. Qd5
Qf1+ 34. Kf3 Rh1 35. Qg5 Rh3+ 36. Ke4 Qb1+ 37. Kf4 Qh1 38. Bf6 Qf3+ 0-1

[Event "14ème OPEN de GUINGAMP"]
[Site "Pabu"]
[Date "2010.02.21"]
[Round "2.5"]
[White "Crouan, Stephane"]
[Black "Sanvoisin, Corentin"]
[Result "1/2-1/2"]
[WhiteElo "2229"]
[BlackElo "1866"]
[Annotator "Bernard CLOAREC"]
[PlyCount "129"]
[EventDate "2010.??.??"]
[SourceDate "2010.02.21"]

1. e4 c5 2. Nf3 d6 3. d4 cxd4 4. Nxd4 Nf6 5. Nc3 a6 6. Bg5 e6 7. f4 Be7 8. Qf3
Qc7 9. O-O-O b5 10. Bxf6 gxf6 11. g4 b4 12. Nce2 Bb7 13. Ng3 Nd7 14. Kb1 Rc8
15. Bd3 Nc5 16. f5 e5 17. Nde2 Nxd3 18. cxd3 O-O 19. Rc1 Qa5 20. g5 b3 21. a3
Kh8 22. gxf6 Bxf6 23. Qe3 Rg8 24. Rxc8 Bxc8 25. h4 d5 26. Nh5 Be7 27. Rg1 Rxg1+
28. Qxg1 Bf8 29. Nf6 Bg7 30. Nxd5 Bxf5 31. Qa7 Qe1+ 32. Nc1 Bh6 33. Qb8+ Kg7
34. Qxe5+ Kg8 35. Qc3 Bd2 36. Qc6 Be6 37. Nc7 Bd7 38. Qc5 Qd1 39. Nd5 Bb5 40.
Ne7+ Kg7 41. Nf5+ Kg6 42. h5+ Qxh5 43. Ne7+ Kh6 44. Qd6+ Kg5 45. Nxb3 Bf4 46.
Qc5+ Kg4 47. Qg1+ Bg3 48. Nc5 Qh2 49. Qd1+ Kg5 50. e5 Bxe5 51. Ne4+ Kf4 52.
Qf1+ Kg4 53. Qf5+ Kh4 54. Qxh7+ Kg4 55. Qf5+ Kh4 56. Qg5+ Kh3 57. Qe3+ Kg2 58.
Nf5 Qg1+ 59. Qxg1+ Kxg1 60. Kc2 Bd7 61. Ne3 f5 62. Ng5 Bc7 63. Nd5 Bd8 64. Nf7
Be6 65. Nd6 1/2-1/2

[Event "14ème OPEN de GUINGAMP"]
[Site "Pabu"]
[Date "2010.02.22"]
[Round "3.2"]
[White "Szymanowska, Lena"]
[Black "Genov, Petar"]
[Result "0-1"]
[WhiteElo "1979"]
[BlackElo "2473"]
[Annotator "Bernard CLOAREC"]
[PlyCount "62"]
[EventDate "2010.??.??"]

1. e4 c5 2. Nf3 d6 3. g3 Nf6 4. d3 g6 5. Bg2 Bg7 6. O-O Nc6 7. c3 O-O 8. Nh4 e5
9. Kh1 Be6 10. f4 exf4 11. Bxf4 d5 12. Be3 Qb6 13. Qc2 d4 14. Bg1 Ng4 15. Re1
Bh6 16. Bf3 Nce5 17. Bxg4 Bxg4 18. Kg2 Rad8 19. c4 Nxd3 20. Qxd3 Qxb2+ 21. Bf2
Qxa1 22. h3 Be6 23. Qb3 b5 24. Na3 bxc4 25. Nxc4 Qc3 26. Qxc3 dxc3 27. Be3 Bxe3
28. Nxe3 Rd2+ 29. Kg1 Rfd8 30. Rc1 R8d3 31. Nhg2 Bxh3 0-1

[Event "14ème OPEN de GUINGAMP"]
[Site "Pabu"]
[Date "2010.02.22"]
[Round "3.5"]
[White "Aubry, Yannis"]
[Black "Kazmierczak, Rafal"]
[Result "1/2-1/2"]
[WhiteElo "1956"]
[BlackElo "2191"]
[Annotator "Bernard CLOAREC"]
[PlyCount "49"]
[EventDate "2010.??.??"]

1. d4 d5 2. Nf3 Nf6 3. e3 Bf5 4. c4 c6 5. Qb3 Qb6 6. Qxb6 axb6 7. Nc3 e6 8.
cxd5 exd5 9. Ne5 Bd6 10. Bd3 Bxd3 11. Nxd3 O-O 12. f3 b5 13. Bd2 Re8 14. Kf2
Nbd7 15. Ne2 Nb6 16. b3 Nbd7 17. Bb4 Bxb4 18. Nxb4 Nf8 19. h4 Re7 20. Rac1 Ne8
21. Nf4 Nd6 22. g4 f5 23. g5 Ne6 24. Rhe1 Nxf4 25. exf4 1/2-1/2

[Event "14ème OPEN de GUINGAMP"]
[Site "Pabu"]
[Date "2010.02.23"]
[Round "5.1"]
[White "Genov, Petar"]
[Black "Lisowski, Krzysztof"]
[Result "1-0"]
[WhiteElo "2473"]
[BlackElo "2152"]
[Annotator "Bernard CLOAREC"]
[PlyCount "53"]
[EventDate "2010.??.??"]

1. d4 Nf6 2. c4 e6 3. Nc3 Bb4 4. Qc2 d5 5. cxd5 exd5 6. Nf3 O-O 7. Bg5 b6 8. e3
Bb7 9. Bd3 h6 10. Bh4 Be7 11. O-O c5 12. Rad1 c4 13. Bf5 a6 14. Ne5 b5 15. a3
Nbd7 16. Rfe1 Re8 17. f3 Nf8 18. e4 g6 19. Bh3 Kg7 20. Bf2 N8d7 21. Be3 Bd6 22.
Bxh6+ Kg8 23. Nxd7 Nxd7 24. e5 Bf8 25. Qd2 Nb6 26. Bxf8 Kxf8 27. f4 1-0

[Event "14ème OPEN de GUINGAMP"]
[Site "Pabu"]
[Date "2010.02.23"]
[Round "5.2"]
[White "Peyre, Camille"]
[Black "Serafimov, Dimitar"]
[Result "0-1"]
[WhiteElo "1937"]
[BlackElo "2267"]
[Annotator "Bernard CLOAREC"]
[PlyCount "119"]
[EventDate "2010.??.??"]

1. d4 d5 2. c4 e6 3. cxd5 exd5 4. Nc3 Be7 5. Nf3 Nf6 6. Bg5 O-O 7. e3 b6 8. Bd3
Bb7 9. O-O Nbd7 10. Rc1 a6 11. h3 Re8 12. Qc2 h6 13. Bf4 c5 14. Rfd1 c4 15. Be2
b5 16. a3 Qb6 17. Ne5 Bd6 18. Nxd7 Nxd7 19. Bxd6 Qxd6 20. Bf3 Nf6 21. Re1 Re7
22. Qf5 Rae8 23. Bd1 Re6 24. Bc2 g6 25. Qf3 Ne4 26. Bxe4 dxe4 27. Qe2 Bd5 28.
Rcd1 Kg7 29. Qd2 R8e7 30. Ne2 Qb6 31. Nf4 Rd6 32. Nxd5 Rxd5 33. f3 Qe6 34. fxe4
Qxe4 35. Qf2 Rf5 36. Qd2 Re6 37. Qe2 h5 38. Qd2 h4 39. Qe2 Rg5 40. Qf2 Rg3 41.
d5 Rf6 42. Qd2 Rg5 43. Re2 Rd6 44. Qc3+ Qe5 45. Qxe5+ Rxe5 46. e4 f5 47. Rde1
fxe4 48. Rxe4 Rxe4 49. Rxe4 Rxd5 50. Re2 Kf6 51. Kf2 Rf5+ 52. Kg1 g5 53. Kh2
Rd5 54. g3 Rd3 55. gxh4 gxh4 56. Kg2 Rg3+ 57. Kh2 Kf5 58. Rf2+ Ke5 59. Rf8 Rb3
60. Rf2 0-1

[Event "14ème OPEN de GUINGAMP"]
[Site "Pabu"]
[Date "2010.02.23"]
[Round "5.4"]
[White "Stephan, Victor"]
[Black "Colin, Vincent"]
[Result "0-1"]
[WhiteElo "2242"]
[BlackElo "2437"]
[Annotator "Bernard CLOAREC"]
[PlyCount "92"]
[EventDate "2010.??.??"]

1. d4 Nf6 2. Nf3 g6 3. Bf4 d6 4. e3 Nh5 5. Bg5 h6 6. Bh4 g5 7. Bg3 Bg7 8. c3
Nd7 9. Nbd2 e6 10. Qc2 b6 11. Bb5 Bb7 12. O-O-O a6 13. Bd3 Qe7 14. Be4 d5 15.
Bd3 Nxg3 16. hxg3 c5 17. Kb1 b5 18. dxc5 Nxc5 19. Nb3 Nxd3 20. Qxd3 e5 21. Nfd2
O-O 22. f4 Rac8 23. fxe5 Qxe5 24. Nd4 f5 25. Rdf1 b4 26. cxb4 f4 27. gxf4 gxf4
28. Re1 fxe3 29. N2b3 Rce8 30. Rh3 Qe4 31. Qxe4 Rxe4 32. Rhxe3 Rxd4 33. Nxd4
Bxd4 34. Rg3+ Bg7 35. Re7 Rf7 36. Rxf7 Kxf7 37. a4 d4 38. b5 axb5 39. axb5 Be5
40. Rg4 h5 41. Rh4 Kg6 42. g4 Be4+ 43. Ka2 d3 44. gxh5+ Kf5 45. h6 d2 46. Rh5+
Kg6 0-1

[Event "14ème OPEN de GUINGAMP"]
[Site "Pabu"]
[Date "2010.02.23"]
[Round "5.5"]
[White "Leon Hoyos, Manuel"]
[Black "Folkeringa, Richard"]
[Result "1-0"]
[WhiteElo "2516"]
[BlackElo "2025"]
[Annotator "Bernard CLOAREC"]
[PlyCount "43"]
[EventDate "2010.??.??"]

1. e4 c5 2. Nf3 Nc6 3. d4 cxd4 4. Nxd4 Nf6 5. Nc3 d6 6. Bg5 e6 7. Qd2 Be7 8.
O-O-O a6 9. f4 Qc7 10. Be2 Bd7 11. Nb3 Rd8 12. Bxf6 gxf6 13. Bh5 b5 14. f5 O-O
15. Qh6 Ne5 16. Nd4 b4 17. fxe6 Bxe6 18. Nf5 Bxf5 19. Nd5 Qc4 20. b3 Qxe4 21.
Rhe1 Ng4 22. Qd2 1-0

[Event "14ème OPEN de GUINGAMP"]
[Site "Pabu"]
[Date "2010.02.22"]
[Round "4.1"]
[White "Lisowski, Krzysztof"]
[Black "Jakubowski, Krzysztof"]
[Result "1-0"]
[WhiteElo "2152"]
[BlackElo "2502"]
[Annotator "Bernard CLOAREC"]
[PlyCount "72"]
[EventDate "2010.??.??"]

1. e4 c5 2. Nf3 e6 3. Nc3 a6 4. g3 b5 5. Bg2 Bb7 6. d3 Nc6 7. O-O d6 8. d4 cxd4
9. Nxd4 Qc7 10. Nxc6 Bxc6 11. Re1 Be7 12. a3 Nf6 13. Bg5 O-O 14. Qe2 Rac8 15.
Rad1 h6 16. Bc1 Rfe8 17. f4 Nd7 18. g4 a5 19. b4 axb4 20. axb4 Nf8 21. Rd3 Ng6
22. g5 hxg5 23. fxg5 d5 24. Qh5 Bxb4 25. Rf1 e5 26. exd5 Bd7 27. Rdf3 Bxc3 28.
Rxf7 Qb6+ 29. Kh1 Rf8 30. R7f6 Rf7 31. Rxb6 Bd4 32. Qxg6 Bf5 33. Qh5 Bxc2 34.
Rc6 Rxc6 35. dxc6 g6 36. Qe2 Rf2 1-0

[Event "14ème OPEN de GUINGAMP"]
[Site "Pabu"]
[Date "2010.02.22"]
[Round "4.2"]
[White "Genov, Petar"]
[Black "Bouvet, Laurent"]
[Result "1-0"]
[WhiteElo "2473"]
[BlackElo "2118"]
[Annotator "Bernard CLOAREC"]
[PlyCount "67"]
[EventDate "2010.??.??"]

1. d4 Nf6 2. c4 g6 3. Nc3 Bg7 4. Nf3 O-O 5. Bf4 d6 6. e3 c6 7. Be2 Nbd7 8. h3
a6 9. a4 Qa5 10. O-O e5 11. Bh2 Re8 12. Rb1 e4 13. Nd2 d5 14. b4 Qd8 15. a5 h6
16. Qb3 Nf8 17. cxd5 cxd5 18. Na4 Be6 19. Nb6 Ra7 20. Rfe1 N8d7 21. Nc8 Nc5 22.
bxc5 Bxc8 23. Qb6 Qxb6 24. axb6 Ra8 25. c6 Re7 26. Nb3 bxc6 27. Na5 Bb7 28.
Nxc6 Re6 29. Na5 Nd7 30. Nxb7 Rxb6 31. Nc5 Rxb1 32. Rxb1 Nxc5 33. dxc5 a5 34.
c6 1-0

[Event "14ème OPEN de GUINGAMP"]
[Site "Pabu"]
[Date "2010.02.22"]
[Round "4.3"]
[White "Barbot, Pierre"]
[Black "Stephan, Victor"]
[Result "1/2-1/2"]
[WhiteElo "2097"]
[BlackElo "2242"]
[Annotator "Bernard CLOAREC"]
[PlyCount "179"]
[EventDate "2010.??.??"]

1. e4 c5 2. Nf3 d6 3. d4 Nf6 4. Nc3 cxd4 5. Nxd4 g6 6. Be3 Bg7 7. f3 Nc6 8. Qd2
Bd7 9. O-O-O h5 10. h3 h4 11. Kb1 Rc8 12. Bd3 a6 13. Rhe1 b5 14. Nxc6 Bxc6 15.
Bf1 Rh5 16. Bg5 Qc7 17. Re2 Nh7 18. Be3 Bb7 19. Bd4 Bh6 20. Be3 b4 21. Nd5 Bxd5
22. exd5 Bxe3 23. Qxe3 Nf6 24. Qb3 a5 25. Red2 Re5 26. Bb5+ Kf8 27. Bc6 Qb6 28.
a4 Kg7 29. Rd4 Rh8 30. c3 Re3 31. Kc2 Rb8 32. R1d3 Rxd3 33. Kxd3 e5 34. Rc4 Nh5
35. cxb4 axb4 36. Bb5 Nf4+ 37. Kc2 Nxd5 38. Kb1 Nf4 39. Qxb4 Nxg2 40. Qd2 Nf4
41. Rc6 Qg1+ 42. Ka2 d5 43. Rc1 Qa7 44. Kb1 Qd4 45. Qxd4 exd4 46. Bc6 Nd3 47.
Rc2 Nb4 48. Rc1 d3 49. Bb5 Kf6 50. Rd1 Ke5 51. Bxd3 Nc6 52. Bb5 Nd4 53. Bf1
Nxf3 54. a5 Nd4 55. Rd3 Nc6 56. a6 g5 57. Rc3 Kd6 58. Rf3 Ke6 59. Re3+ Ne5 60.
Ra3 Nc4 61. Bxc4 dxc4 62. a7 Ra8 63. Kc2 f5 64. Kd2 g4 65. hxg4 fxg4 66. Ke2
Kd5 67. Kf2 Kc5 68. Kg2 Kb6 69. Ra4 Kb5 70. Ra3 Kb4 71. Ra6 Kb5 72. Ra3 Kb6 73.
Ra4 Rxa7 74. Rxc4 Rg7 75. Rf4 Kc5 76. Rf5+ Kd4 77. Rf8 h3+ 78. Kg3 Kc4 79. Rf5
Kd3 80. Re5 Kd2 81. Rf5 Ke1 82. Re5+ Kf1 83. Rf5+ Kg1 84. Re5 Rf7 85. Re4 Rf1
86. Re2 Rd1 87. Rc2 Re1 88. b4 Re3+ 89. Kf4 Rb3 90. Kxg4 1/2-1/2

[Event "14ème OPEN de GUINGAMP"]
[Site "Pabu"]
[Date "2010.02.22"]
[Round "4.4"]
[White "Crouan, Stephane"]
[Black "Peyre, Camille"]
[Result "1/2-1/2"]
[WhiteElo "2229"]
[BlackElo "1937"]
[Annotator "Bernard CLOAREC"]
[PlyCount "97"]
[EventDate "2010.??.??"]

1. e4 c5 2. Nf3 e6 3. d4 cxd4 4. Nxd4 a6 5. Bd3 Bc5 6. Nb3 Ba7 7. O-O Nc6 8.
Qe2 d6 9. Kh1 Nf6 10. a4 Qc7 11. f4 Bd7 12. a5 Rc8 13. c3 e5 14. f5 h5 15. Be3
Bxe3 16. Qxe3 Ng4 17. Qe2 Qd8 18. N1d2 Qg5 19. Nf3 Qe3 20. Qxe3 Nxe3 21. Rfe1
Ng4 22. Kg1 Na7 23. Nbd2 Bb5 24. c4 Bd7 25. h3 Nf6 26. b4 g6 27. fxg6 fxg6 28.
Reb1 Ke7 29. Ra3 Rhf8 30. b5 axb5 31. cxb5 Rc5 32. Rab3 Be6 33. R3b2 Rc3 34.
Bf1 Rfc8 35. b6 Nc6 36. a6 bxa6 37. Bxa6 Rb8 38. Bf1 d5 39. exd5 Bxd5 40. Re1
Kd6 41. Nb1 Rc5 42. Nfd2 Nd7 43. Bd3 g5 44. Rf1 Nd4 45. Na3 Rxb6 46. Rxb6+ Nxb6
47. Rf6+ Kc7 48. Rg6 Ne6 49. Bf5 1/2-1/2

[Event "14ème OPEN de GUINGAMP"]
[Site "Pabu"]
[Date "2010.02.22"]
[Round "4.5"]
[White "Kazmierczak, Rafal"]
[Black "Mogranzini, Roberto"]
[Result "1/2-1/2"]
[WhiteElo "2191"]
[BlackElo "2415"]
[Annotator "Bernard CLOAREC"]
[PlyCount "129"]
[EventDate "2010.??.??"]

1. e4 c5 2. Nc3 Nc6 3. g3 g6 4. Bg2 Bg7 5. d3 d6 6. Nge2 e5 7. Nd5 h6 8. Nec3
Nge7 9. O-O Nxd5 10. Nxd5 O-O 11. f4 exf4 12. Nxf4 Rb8 13. c3 b5 14. Be3 Ne5
15. h3 b4 16. Qd2 bxc3 17. bxc3 Kh7 18. Rab1 Ba6 19. Rxb8 Qxb8 20. Kh2 Qd8 21.
c4 Bb7 22. Rb1 Qc7 23. Qc2 Bc6 24. Qb3 Nd7 25. Bd2 Rb8 26. Qc2 Rb7 27. Rxb7
Qxb7 28. Bc3 Be5 29. Ne2 Bxc3 30. Nxc3 Ne5 31. Kg1 Qb4 32. Kf2 a5 33. Bf1 h5
34. Qb3 Kg7 35. Ke3 Kf6 36. Qxb4 axb4 37. Nb1 Ba4 38. Nd2 Nc6 39. Nf3 Bc2 40.
Kd2 Bb1 41. Kc1 Bxa2 42. Kb2 b3 43. Be2 Ne5 44. Nd2 g5 45. Kc3 h4 46. gxh4 gxh4
47. Bd1 Kg5 48. Bxb3 Bxb3 49. Nxb3 Kf4 50. d4 Nd7 51. e5 cxd4+ 52. Kxd4 Nxe5
53. Nd2 f5 54. Kd5 Nd3 55. Kxd6 Ke3 56. c5 Nb4 57. Nc4+ Kf3 58. c6 Nxc6 59.
Kxc6 Kg3 60. Kd5 Kxh3 61. Ke5 Kg3 62. Kxf5 h3 63. Ne3 h2 64. Nf1+ Kg2 65. Nxh2
1/2-1/2

[Event "14ème OPEN de GUINGAMP"]
[Site "Pabu"]
[Date "2010.02.24"]
[Round "6.2"]
[White "Barbot, Pierre"]
[Black "Jakubowski, Krzysztof"]
[Result "0-1"]
[WhiteElo "2097"]
[BlackElo "2502"]
[Annotator "Bernard CLOAREC"]
[PlyCount "74"]
[EventDate "2010.??.??"]

1. e4 c5 2. Nf3 d6 3. d4 cxd4 4. Nxd4 Nf6 5. Nc3 a6 6. Be3 e5 7. Nb3 Be7 8. f3
Be6 9. Qd2 O-O 10. O-O-O Nbd7 11. g4 b5 12. Kb1 b4 13. Nd5 Bxd5 14. exd5 Nb6
15. Na5 Nbxd5 16. Nc6 Qd7 17. Nxe7+ Qxe7 18. Bf2 Qb7 19. Ka1 Nf4 20. Be2 Rfc8
21. Rhe1 Rc6 22. Bd3 Nxd3 23. Qxd3 Rac8 24. Re2 a5 25. Bg3 a4 26. g5 Nd7 27.
Bxe5 Nxe5 28. Rxe5 Rxc2 29. Qxc2 dxe5 30. Qd3 g6 31. Kb1 Qc6 32. Qe2 a3 33. Re1
axb2 34. Qxb2 Qxf3 35. Qxe5 b3 36. Qb5 bxa2+ 37. Kxa2 Qa8+ 0-1

[Event "14ème OPEN de GUINGAMP"]
[Site "Pabu"]
[Date "2010.02.24"]
[Round "6.3"]
[White "Leon Hoyos, Manuel"]
[Black "Lisowski, Krzysztof"]
[Result "1-0"]
[WhiteElo "2516"]
[BlackElo "2152"]
[Annotator "Bernard CLOAREC"]
[PlyCount "65"]
[EventDate "2010.??.??"]

1. c4 Nf6 2. g3 c6 3. Bg2 d5 4. Nf3 dxc4 5. O-O e6 6. a4 a5 7. Qc2 Be7 8. Qxc4
O-O 9. d4 Na6 10. Rd1 Nb4 11. Ne5 Qb6 12. e4 Rd8 13. Be3 Qa6 14. Qb3 b6 15. Nc3
Bd7 16. f4 Be8 17. Rac1 Rac8 18. Qc4 Qb7 19. Qe2 c5 20. Nc4 cxd4 21. Rxd4 Rxd4
22. Bxd4 b5 23. axb5 Bxb5 24. b3 Qa6 25. Bf1 Bxc4 26. bxc4 Nd7 27. Kh1 Nc5 28.
Rb1 Ncd3 29. c5 Qc4 30. Qe3 Rd8 31. Bxd3 Nxd3 32. c6 Qxc6 33. Qxd3 1-0

[Event "14ème OPEN de GUINGAMP"]
[Site "Pabu"]
[Date "2010.02.24"]
[Round "6.4"]
[White "Colin, Vincent"]
[Black "Bouvet, Laurent"]
[Result "0-1"]
[WhiteElo "2437"]
[BlackElo "2118"]
[Annotator "Bernard CLOAREC"]
[PlyCount "108"]
[EventDate "2010.??.??"]

1. e4 c5 2. c3 d6 3. Nf3 Nc6 4. h3 Nf6 5. Bd3 g6 6. O-O Bg7 7. Re1 O-O 8. Bf1
Nd7 9. d3 e5 10. a3 h6 11. b4 b6 12. b5 Ne7 13. d4 f5 14. exf5 gxf5 15. dxe5
dxe5 16. Bc4+ Kh7 17. Ng5+ hxg5 18. Qh5+ Bh6 19. Bxg5 Rf6 20. Bxf6 Nxf6 21.
Qf7+ Bg7 22. Ra2 e4 23. g4 fxg4 24. hxg4 Bxg4 25. f3 Bh5 26. Rh2 Kh6 27. fxe4
Ng6 28. Be2 Qd6 29. Rf1 Qg3+ 30. Kh1 Rf8 31. Qc4 Ng4 32. Bxg4 Rxf1+ 33. Qxf1
Qxg4 34. Nd2 Be5 35. Rg2 Qh3+ 36. Kg1 Nf4 37. Rh2 Qxf1+ 38. Kxf1 Bxc3 39. Nc4
Kg5 40. Rc2 Bd4 41. a4 Bg6 42. Nd2 Kf6 43. a5 bxa5 44. Ra2 Bc3 45. Nb3 Bf7 46.
Rc2 Bxb3 47. Rxc3 c4 48. Kf2 a4 49. Ke3 Ke5 50. Rc1 a3 51. Kd2 a2 52. Ra1 Kd4
53. e5 c3+ 54. Ke1 Nd3+ 0-1

[Event "14ème OPEN de GUINGAMP"]
[Site "Pabu"]
[Date "2010.02.24"]
[Round "6.5"]
[White "Crouan, Stephane"]
[Black "Mogranzini, Roberto"]
[Result "1/2-1/2"]
[WhiteElo "2229"]
[BlackElo "2415"]
[Annotator "Bernard CLOAREC"]
[PlyCount "118"]
[EventDate "2010.??.??"]

1. e4 c5 2. Nf3 e6 3. d4 cxd4 4. Nxd4 a6 5. Bd3 Qc7 6. O-O Nf6 7. Qe2 d6 8. c4
g6 9. Nc3 Bg7 10. Be3 O-O 11. Rac1 Nbd7 12. f4 b6 13. Kh1 Bb7 14. b4 Rfe8 15.
Nf3 Rac8 16. Rfd1 Qb8 17. Bb1 Red8 18. a3 Nh5 19. Na4 Ba8 20. Bd3 Bc6 21. Nc3
Qa8 22. f5 exf5 23. exf5 Re8 24. Qf2 Ndf6 25. Bxb6 Ng4 26. Qf1 Nf4 27. Nd5 Nxd5
28. cxd5 Bxd5 29. Bxa6 Rxc1 30. Rxc1 Bb2 31. Re1 Rxe1 32. Nxe1 Bxa3 33. fxg6
hxg6 34. Be2 Ne5 35. Nc2 Qb7 36. Qf2 Bb2 37. Be3 Qc8 38. Ne1 Bc3 39. b5 Ng4 40.
Bxg4 Qxg4 41. Nf3 Qb4 42. b6 Qb1+ 43. Qg1 Qxg1+ 44. Kxg1 Kf8 45. Nd4 Ke7 46.
Kf2 Kd7 47. g4 Ba5 48. Nb5 Bc6 49. Na7 Bb7 50. h4 Ba6 51. Bd4 Bd2 52. h5 gxh5
53. gxh5 Bd3 54. Bg7 f5 55. h6 f4 56. Kf3 Be3 57. Nb5 Bxb6 58. Kxf4 Ke6 59.
Nd4+ Bxd4 1/2-1/2